000 00842nam a2200205 a 4500
001 BRCA_2224
005 20190320203724.0
008 920428s1991 au-a---##b---#001-0#ger-#
020 _a3701707227
040 _aDLC
_cDLC
050 4 _aN332
_b.K86 1991
245 1 0 _aKunst : Anspruch und Gegenstand
_bvon der Kunstgewerbeschule zur Hochschule für Angewandte Kunst in Wien 1918-1991
_c[Herausgeber, Hochschule für Angewandte Kunst in Wien ; Redaktion, Erika Patka].
260 _aWien
_bResidenz Verlag
_cc1991
300 _a387 p.
_bil. (algunas a color)
_c29 cm.
504 _aIncluye referencias bibliográficas e índice alfabético
610 2 4 _aHochschule für Angewandte Kunst (Vienna, Austria)
_xHistoria
_96689
700 1 _aPatka, Erika
_96690
710 2 _aHochschule für Angewandte Kunst (Vienna, Austria)
_96691
942 _2lcc
_cB
999 _c1976
_d1976